Central Library OPAC University of Rajshahi

Experiments in plant tissue culture / (Record no. 12088)

MARC details
000 -LEADER
fixed length control field 03480fam a2200397 a 4500
001 - CONTROL NUMBER
control field 12088
003 - CONTROL NUMBER IDENTIFIER
rucl marc code BD-RjUL
005 - DATE AND TIME OF LATEST TRANSACTION
control field 20211208235231.0
008 - FIXED-LENGTH DATA ELEMENTS--GENERAL INFORMATION
fixed length control field 940722s1985 enka 00| 0 eng d
020 ## - INTERNATIONAL STANDARD BOOK NUMBER
International Standard Book Number 0521304784
International Standard Book Number 0521315166
035 ## - SYSTEM CONTROL NUMBER
System control number (OCoLC)30919364
System control number (OCoLC)ocm30919364
System control number (BD-RjUL)12137
System control number (NNC)1593901
040 ## - CATALOGING SOURCE
Original cataloging agency DLC
Transcribing agency DLC
Modifying agency DLC$dOrLoB
-- BD-RjUL
Language of cataloging eng
041 ## - LANGUAGE CODE
Language code of text/sound track or separate title eng
082 00 - DEWEY DECIMAL CLASSIFICATION NUMBER
Classification number 581.0724
Edition number 20
Author mark and year DOE 1985
100 1# - MAIN ENTRY--PERSONAL NAME
Personal name Dodds, John H.
9 (RLIN) 37444
245 10 - TITLE STATEMENT
Title Experiments in plant tissue culture /
Statement of responsibility, etc. John H. Dodds and Lorin W. Roberts.
246 30 - VARYING FORM OF TITLE
Title proper/short title Plant tissue culture
250 ## - EDITION STATEMENT
Edition statement 2nd ed.
260 ## - PUBLICATION, DISTRIBUTION, ETC. (IMPRINT)
Place of publication, distribution, etc. Cambridge;
-- New York :
Name of publisher, distributor, etc. Cambridge University Press,
Date of publication, distribution, etc. 1985
300 ## - PHYSICAL DESCRIPTION
Pagination xiv, 232 p. :
Illustrations ill. ;
Size 24 cm.
504 ## - BIBLIOGRAPHY, ETC. NOTE
Bibliography, etc Includes bibliographical references and indexes.
505 0# - FORMATTED CONTENTS NOTE
Formatted contents note Foreword / J. Heslop-Harrison -- I. Background information. 1. Culture of plant cells, tissues, and organs. 2. Laboratory facilities. 3. Aseptic techniques. 4. Media composition and preparation -- II. Experimental: Callus and callus-derived systems. 5. Initiation and maintenance of callus. 6. Organogenesis. 7. Cell suspensions. 8. Somatic embryogenesis -- III. Experimental: Culture of organs and organized systems. 9. Isolated roots. 10. Micropropagation by bud proliferation. 11. Anther and pollen cultures -- IV. Experimental: Isolated cells. 12. Transdifferentiation of parenchyma cells to tracheary elements. 13. Isolation and culture of protoplasts. 14. Protoplast fusion and somatic hybridization -- V. Supplementary topics. 15. Cryopreservation of germplasm. 16. Production of secondary metabolites. 17. Quantitation of procedures.
520 ## - SUMMARY, ETC.
Summary, etc. The third edition of Experiments in Plant Tissue Culture makes available new and updated information that has resulted from recent advances in the applications of plant tissue culture techniques to agriculture and industry. This laboratory text features an enlarged section on terminology and definitions as well as additional information on equipment and facilities.
Summary, etc. This comprehensive text takes the reader through a graded series of experimental protocols and also provides a preliminary review of each topic. After an introductory historical background, there are discussions of a plant tissue culture laboratory, aseptic techniques, and nutritional components of media.
Summary, etc. Subsequent chapters are devoted to callus induction, organ formation, cell suspensions, somatic embryogenesis, root cultures, micropropagation, anther and pollen cultures, xylem cell differentiation, isolation and fusion of protoplasts, storage of genetic resources, secondary metabolite production, and quantitation of procedures. A glossary of terms, a list of commercial sources of supplies, and a table of media formulations are included.
Summary, etc. . This book offers all the basic experimental methods for the major research areas of plant tissue culture, and will be invaluable to undergraduates and research investigators in the plant sciences. It will also be useful to researchers in related areas such as forestry, agronomy, and horticulture, and to those in commercial houses and pharmaceutical companies interested in acquiring the laboratory techniques.
650 00 - SUBJECT ADDED ENTRY--TOPICAL TERM
Topical term or geographic name as entry element Plant tissue culture
General subdivision Experiments.
9 (RLIN) 37445
700 1# - ADDED ENTRY--PERSONAL NAME
Personal name Roberts, Lorin W.
942 ## - ADDED ENTRY ELEMENTS (KOHA)
Source of classification or shelving scheme Dewey Decimal Classification
Koha item type Books
Holdings
Lost status Source of classification or shelving scheme Damaged status Not for loan Collection code Permanent Location Current Location Shelving location Date acquired Source of acquisition Cost, normal purchase price Total Checkouts Full call number Date last seen Copy number Koha item type
  Dewey Decimal Classification     Non-fiction Central Library, University of Rajshahi Central Library, University of Rajshahi   01/08/1988 Mania pub 27.80   581.0724 DOE 1985 28/01/2014 C-2 Books
  Dewey Decimal Classification   Not For Loan Non-fiction Central Library, University of Rajshahi Central Library, University of Rajshahi Reading Room 05/07/1988       581.0724 DOE 1985 23/05/2017 C-1 Books
  Dewey Decimal Classification     Non-fiction Central Library, University of Rajshahi Central Library, University of Rajshahi   24/09/1989 Karim Int. 30.00   581.0724 DOE 1985 23/05/2017 C-3 Books